FM special report (Record no. 70676)

MARC details
000 -LEADER
fixed length control field 01157cam a2200241 4500
001 - CONTROL NUMBER
control field ABS65613
008 - FIXED-LENGTH DATA ELEMENTS--GENERAL INFORMATION
fixed length control field 020704n2002 000 0 eng u
035 ## - SYSTEM CONTROL NUMBER
System control number (Sirsi) u118676
100 ## - MAIN ENTRY--PERSONAL NAME
Personal name Whitehead, T.
245 ## - TITLE STATEMENT
Title FM special report
260 ## - PUBLICATION, DISTRIBUTION, ETC.
Date of publication, distribution, etc. 2002
490 ## - SERIES STATEMENT
Series statement Contract Journal
Volume/sequential designation 413(6379) 29 May 2002, 14-21(7)
520 ## - SUMMARY, ETC.
Summary, etc. Looks at the facilities management industry which has developed rapidly over recent years following the popularity of outsourcing - the technique of contracting out non-core business activities to facilities managers. Gives details of the size of the FM market although cautions that this depends on how this is measured. Examines a joint venture when Morrison Construction formed CityCare to take on all of Norwich City Council's facilities managment. This is a ten year contract and involves 700 staff.
590 ## - LOCAL NOTE (RLIN)
Local note ABS
650 ## - SUBJECT ADDED ENTRY--TOPICAL TERM
Topical term or geographic name entry element CONSTRUCTION INDUSTRY
650 ## - SUBJECT ADDED ENTRY--TOPICAL TERM
Topical term or geographic name entry element OUTSOURCING
650 ## - SUBJECT ADDED ENTRY--TOPICAL TERM
Topical term or geographic name entry element FACILITIES MANAGERS
650 ## - SUBJECT ADDED ENTRY--TOPICAL TERM
Topical term or geographic name entry element FACILITIES AND PROPERTY MANAGEMENT
650 ## - SUBJECT ADDED ENTRY--TOPICAL TERM
Topical term or geographic name entry element MANAGEMENT-PROJECT MANAGEMENT
650 ## - SUBJECT ADDED ENTRY--TOPICAL TERM
Topical term or geographic name entry element MORRISON CONSTRUCTION
690 ## - LOCAL SUBJECT ADDED ENTRY--TOPICAL TERM (OCLC, RLIN)
Topical term or geographic name as entry element MANAGEMENT-FACILITIES MANAGEMENT
942 ## - ADDED ENTRY ELEMENTS (KOHA)
Suppress in OPAC 0
Holdings
Withdrawn status Lost status Source of classification or shelving scheme Damaged status Not for loan Home library Current library Shelving location Date acquired Total Checkouts Full call number Barcode Date last seen Copy number Price effective from Koha item type
    Dewey Decimal Classification     London London Journal article 04/07/2002   ABS65613 118676-1001 06/08/2019 1 06/08/2019 Journal article